Asiria y su imperio

Saved in:
Bibliografiske detaljer
Hovedforfatter: Wagner, Carlos G (Author)
Format: Bog
Sprog:spansk
Udgivet: Madrid Akal 1989
Serier:Akal. Historia del Mundo Antiguo, 8
Fag:
Tags: Tilføj Tag
Ingen Tags, Vær først til at tagge denne postø!

MARC

LEADER 00000nam a2200000 a 4500
001 UCX4590
003 CL-VaPUC
008 920617e19890000SP |||||||||||||||||spa|d
082 0 4 |a 935.03  |b WAG  |2 21 
100 0 |a Wagner, Carlos G  |e author  |9 320791 
245 1 0 |a Asiria y su imperio 
300 |a 62 p 
942 |c BK 
945 |d 19920617 00:00:00 
260 |a Madrid  |b Akal  |c 1989 
650 7 |a CIVILIZACION ASIRIO BABILONICA  |2 CL-VaPUC  |9 320792 
583 |a last modification  |c 19920617 00:00:00  |k Rodrigo Vera 
490 0 |a Akal. Historia del Mundo Antiguo, 8 
999 |c 225018  |d 225016 
952 |0 0  |1 0  |4 0  |6 935_030000000000000_WAG_1989  |7 0  |8 A  |9 222171  |a BIBHIS  |b BIBHIS  |d 2019-11-15  |i 291011K  |o 935.03 WAG 1989  |p 291011K  |r 2025-01-20  |w 2019-11-15  |y BK  |k HIS